Pokémon en images aléatoires - B - Statistiques

Statistiques générales
  • Ce quiz a été pris 121 fois
  • Le résultat moyen est 10 sur 16
Statistiques - réponses
Par images Réponse % Correct
Bulbizarre
100%
Braségali
95%
Barpau
93%
Bekipan
92%
Boustiflor
92%
Baudrive
90%
Bétochef
87%
Blizzaroi
86%
Brindibou
83%
Boréas
82%
Bruyverne
82%
Balignon
79%
Blizzi
78%
Brutalibré
78%
Baggiguane
74%
Barloche
73%
Branette
73%
Baggaïd
72%
Barbicha
71%
Bouldeneu
71%
Brouhabam
70%
Batracné
69%
Bastiodon
67%
Bekaglaçon
67%
Boskara
65%
Balbuto
63%
Brocélôme
63%
Brutapode
58%
Blindépique
57%
Braisillon
56%
Boguérisse
55%
Bébécaille
54%
Bleuseille
52%
Bourrinos
52%
Babimanta
51%
Bargantua
50%
Bazoucan
49%
Bacabouh
47%
Badabouin
47%
Blindalys
47%
Berserkatt
44%
Blancoton
43%
Banshitrouye
39%
Bamboiselle
38%
Bibichut
38%
Bombydou
34%
Beldeneige
32%
Boumata
32%
Aucun quiz correspondant
Distribution des résultats
% des personnes avec chaque résultat
Percentile par nombre de réponses
Votre historique - résultats
Vous n’avez pas pris ce quiz